000 01009nam a2200265 i 4500
001 000031377
003 DO-SdBNP
005 20241129083818.0
007 ta
008 110620s1943 dr 000 | spa d
040 _aDO-SdBNP
_bspa
_cBNPHU
_erda
041 _hspa
082 _axxx
_bP349s
_222
100 1 _aPeña Batlle, Manuel Arturo,
_d1902-1952
_eautor
_98406
245 1 3 _aEl sentido de una política /
_cManuel A. Peña Batlle.
264 _aCiudad Trujillo, República Dominicana :
_bLa Nación,
_c1943.
300 _a17 páginas ;
_c21 cm.
336 _ardacontent
_btexto
_2txt
337 _ardamedia
_bsin mediación
_2n
338 _ardacarrier
_bvolumen
_2nc
500 _aDiscurso pronunciado en Villa Elías Piña el 16 de noviembre del 1942. En la manifestación que allí tuvo efecto en testimonio de adhesión y gratitud al Generalísimo Trujillo, con motivo del plan oficial de dominicanización de la frontera.
590 _aInventariado, 2024/DG
910 _aDG
942 _2ddc
_cLF2
999 _c30869
_d30869